000 00330 a2200109 4500
001 ART_7816
005 20260410161722.0
008 260409a
245 1 0 _aHonduras y el Mercado Común Centroamericano
100 1 _aBrodersohn, Mario S.
773 0 _tRevista de la integración
_g- Nº 18 (ene. 1975)
_wREV1815
999 _c17073
_d17073